000 00602cam a22002053a 4500
001 34511
003 PGUSA
005 20140828083738.0
008 101130s2010||||xxu|||||s|||||000 | eng d
040 _aPGUSA
_beng
042 _adc
100 1 _aRand, Edward Kennard,
_d1871-1945
245 1 4 _aThe Supposed Autographa of John the Scot
_h[electronic resource] /
_cEdward Kennard Rand
260 _bProject Gutenberg,
_c2010
506 _aPublic domain in the USA.
516 _aElectronic text
830 0 _aProject Gutenberg
_v34511
856 4 0 _uhttp://www.gutenberg.org/ebooks/34511
942 _cEB
999 _c263766
_d263766